Fluid Mechanics and its Applications (Record no. 990)

MARC details
000 -LEADER
Fixed length control field 00433nam a2200169 4500
003 - CONTROL NUMBER IDENTIFIER
Control field SEACOMEC
005 - DATE AND TIME OF LATEST TRANSACTION
Control field 20240503153651.0
008 - FIXED-LENGTH DATA ELEMENTS--GENERAL INFORMATION
Fixed length control field 240503b |||||||| |||| 00| 0 eng d
020 ## - INTERNATIONAL STANDARD BOOK NUMBER / ISBN
International Standard Book Number 788122439977
Price Rs.190.00
040 ## - CATALOGING SOURCE
Original cataloging agency SEACOMEC
082 ## - DEWEY DECIMAL CLASSIFICATION NUMBER
Classification number 620.106
Book Number R173
100 ## - MAIN ENTRY--PERSONAL NAME
Personal name Ramjee,V.
245 1# - TITLE STATEMENT
Title Fluid Mechanics and its Applications
Statement of responsibility V.Ramjee
260 ## - IMPRINT
Place of publication Chennai
Name of publisher Scitech
Date of publication 2001
650 ## - SUBJECT ADDED ENTRY--TOPICAL TERM
Topical term Mechanical Science
942 ## - ADDED ENTRY ELEMENTS (KOHA)
Koha item type Books
Holdings
Withdrawn status Lost status Source of classification Damaged status Not for loan Home library Current library Date acquired Total Checkouts Call number Accession number Date last seen Price effective from Koha item type Copy number
    Dewey Decimal Classification     SEACOM ENGINEERING COLLEGE SEACOM ENGINEERING COLLEGE 13/02/2007   620.106 R173 5909 28/06/2024 28/06/2024 Books  
    Dewey Decimal Classification     SEACOM ENGINEERING COLLEGE SEACOM ENGINEERING COLLEGE 13/02/2007   620.106 R173 5910 28/06/2024 28/06/2024 Books 1
    Dewey Decimal Classification     SEACOM ENGINEERING COLLEGE SEACOM ENGINEERING COLLEGE 13/02/2007   620.106 R173 5911 28/06/2024 28/06/2024 Books 2
    Dewey Decimal Classification     SEACOM ENGINEERING COLLEGE SEACOM ENGINEERING COLLEGE 29/08/2007   620.106 R173 8378 28/06/2024 28/06/2024 Books 3
    Dewey Decimal Classification     SEACOM ENGINEERING COLLEGE SEACOM ENGINEERING COLLEGE 29/08/2007   620.106 R173 8379 28/06/2024 28/06/2024 Books 4
    Dewey Decimal Classification     SEACOM ENGINEERING COLLEGE SEACOM ENGINEERING COLLEGE 29/08/2007   620.106 R173 8380 28/06/2024 28/06/2024 Books 5
    Dewey Decimal Classification     SEACOM ENGINEERING COLLEGE SEACOM ENGINEERING COLLEGE 29/08/2007   620.106 R173 8381 28/06/2024 28/06/2024 Books 6
    Dewey Decimal Classification     SEACOM ENGINEERING COLLEGE SEACOM ENGINEERING COLLEGE 29/08/2007   620.106 R173 8382 28/06/2024 28/06/2024 Books 7
    Dewey Decimal Classification     SEACOM ENGINEERING COLLEGE SEACOM ENGINEERING COLLEGE 05/09/2007   620.106 R173 8453 28/06/2024 28/06/2024 Books 8
    Dewey Decimal Classification     SEACOM ENGINEERING COLLEGE SEACOM ENGINEERING COLLEGE 05/09/2007   620.106 R173 8454 28/06/2024 28/06/2024 Books 9
    Dewey Decimal Classification     SEACOM ENGINEERING COLLEGE SEACOM ENGINEERING COLLEGE 05/09/2007   620.106 R173 8455 28/06/2024 28/06/2024 Books 10
    Dewey Decimal Classification     SEACOM ENGINEERING COLLEGE SEACOM ENGINEERING COLLEGE 05/09/2007   620.106 R173 8456 28/06/2024 28/06/2024 Books 11
    Dewey Decimal Classification     SEACOM ENGINEERING COLLEGE SEACOM ENGINEERING COLLEGE 05/09/2007   620.106 R173 8457 28/06/2024 28/06/2024 Books 12
© Seacom Engineering College, All rights reserved.      Powered by Koha